Statistics for Polish Cities - Map Quiz

Click here to take the quiz!

General Stats

  • This quiz has been taken 324 times
  • The average score is 10 of 15

Answers on the Map

Answers color-coded by a green-red scale on the quiz's map according to % correct below.
 

Answer Stats

Answer% Correct
Warsaw
87%
Kraków
80%
Gdańsk
79%
Gdynia
74%
Szczecin
74%
Łódz
70%
Wrocław
69%
Katowice
67%
Poznań
67%
Lublin
66%
Białystok
65%
Bydgoszcz
63%
Rzeszów
60%
Olsztyn
56%
Kielce
53%

Score Distribution

Percentile by Number Answered

Percent of People with Each Score

Your Score History

You have not taken this quiz